| 000 | 00681 a2200169 4500 | ||
|---|---|---|---|
| 005 | 20190806102642.0 | ||
| 008 | 190528b1981 ck ||||| |||| 00| 0 spa d | ||
| 040 |
_aCO-BoUCM _bspa _cOscar Ávila (modificó) _dOscar Ávila (modificó) |
||
| 041 | 0 | _aspa | |
| 100 | 1 | 0 |
_aVidal Perdomo, Jaime _93153 |
| 245 | 1 | 0 |
_aDescentralización?, regionalización?, federalismo? _cJaime Vidal Perdomo |
| 246 | _aDescentralización, regionalización, federalismo, | ||
| 260 |
_bUniversidad Externado de Colombia _c1981 _aColombia _g1981 |
||
| 650 | 7 |
_9156 _aDescentralización administrativa |
|
| 942 |
_cLIBRO _2DEWEY _a16 _e1 _h352.0009861 _mV648d _n0 |
||
| 999 |
_c312650 _d312650 |
||